Entry Personal Name
Number of records used in: 1
001 - CONTROL NUMBER
003 - CONTROL NUMBER IDENTIFIER
005 - DATE AND TIME OF LATEST TRANSACTION
- control field:
20231027150842.0
008 - FIXED-LENGTH DATA ELEMENTS
- fixed length control field:
231027|| aca||aabn | a|a d
040 ## - CATALOGING SOURCE
- Original cataloging agency:
JRU
- Transcribing agency:
JRU
100 ## - HEADING--PERSONAL NAME
- Personal name:
HAJARE, DR.ASHOK A
670 ## - SOURCE DATA FOUND
- Source citation:
Work cat.: (JRU)8424: HAJARE, DR.ASHOK A., A PRACTICAL BOOK OF PHYSICAL PHARMACEUTICS-II : second year b.pharma. semester-iv, 2020